00287 a2200109 4500000002500000100002600025110002600051245002600077250002000103260002700123264002700150 nam a22 7a 4500 aChahal, Maneshwar S.  aChahal, Maneshwar S.  aScriptures of Sikhism aLatest edition  bFingerprint publishing bFingerprint publishing